000
00219nam a22001097a 4500
082
_a
005.1
245
_a
Fundamentals of Algorithms
250
_a
3rd Ed
260
_a
India
_b
Person
_c
2004
300
_a
650
_b
PB
942
_c
BK
999
_c
23285
_d
23285